Determinants of Slovak Foreign Trade – Comparison Among V4 Countries Based on Gravity Model

Exportné teritóriá SR. Analýza faktorov ovplyvňujúcich zahraničný obchod Slovenskej republiky. Komparatívna analýza krajín V4 pomocou gravitačného modelu medzinárodného obchodu.

Gespeichert in:
Bibliographische Detailangaben
1. Verfasser: König, Brian, 1983-
Weitere Verfasser: Dováľová, Gabriela, 1982-
Format: Buchkapitel
Sprache:Englisch
Schlagworte:
Tags: Tag hinzufügen
Keine Tags, Fügen Sie das erste Tag hinzu!

MARC

LEADER 00000naa$a2200000$$$4500
001 0243921
005 20240502073942.3
041 0 |a eng 
044 |a SK 
245 1 0 |a Determinants of Slovak Foreign Trade – Comparison Among V4 Countries Based on Gravity Model  |c Brian König, Gabriela Dováľová 
520 |a Exportné teritóriá SR. Analýza faktorov ovplyvňujúcich zahraničný obchod Slovenskej republiky. Komparatívna analýza krajín V4 pomocou gravitačného modelu medzinárodného obchodu. 
610 2 0 |a obchod medzinárodný 
610 2 0 |a obchod zahraničný 
610 2 0 |a vývoz 
610 2 0 |a modely 
610 2 0 |a analýza komparatívna 
610 2 0 |a analýza empirická 
610 2 0 |a metódy kvantitatívne 
610 2 0 |a Slovensko 
610 2 0 |a Vyšehradská štvorka 
100 1 |a König, Brian, 1983- 
700 1 |a Dováľová, Gabriela, 1982-